Financial economics / (Record no. 4470)

MARC details
000 -LEADER
fixed length control field 00722cam a22002412 4500
001 - CONTROL NUMBER
control field 0000024055
005 - DATE AND TIME OF LATEST TRANSACTION
control field 20151217145945.0
008 - FIXED-LENGTH DATA ELEMENTS--GENERAL INFORMATION
fixed length control field 130509s xx 000 0 eng d
020 ## - INTERNATIONAL STANDARD BOOK NUMBER
International Standard Book Number 0470596203 :
040 ## - CATALOGING SOURCE
Original cataloging agency KABU
Transcribing agency KABU
100 1# - MAIN ENTRY--PERSONAL NAME
Personal name Fabozzi, Frank J.
-- 0000157588
245 10 - TITLE STATEMENT
Title Financial economics /
Statement of responsibility, etc. Frank J. Fabozzi, Edwin H. Neave, Goufu Zhou.
250 ## - EDITION STATEMENT
Edition statement 4th ed.
260 ## - PUBLICATION, DISTRIBUTION, ETC. (IMPRINT)
Place of publication, distribution, etc. Hoboken, NJ. :
Name of publisher, distributor, etc. J. Wiley,
Date of publication, distribution, etc. 2012.
300 ## - PHYSICAL DESCRIPTION
Extent xvii, 652 p.
650 #0 - SUBJECT ADDED ENTRY--TOPICAL TERM
Topical term or geographic name as entry element Finance.
-- 0000148330
650 #0 - SUBJECT ADDED ENTRY--TOPICAL TERM
Topical term or geographic name as entry element Economics.
-- 0000148279
700 1# - ADDED ENTRY--PERSONAL NAME
Personal name Neave, Edwin H.
-- 0000183970
700 1# - ADDED ENTRY--PERSONAL NAME
Personal name Zhou, Guofu.
-- 0000183971
852 1# - LOCATION
-- p4680 KES
908 ## - PUT COMMAND PARAMETER (RLIN)
Put command parameter 130509
950 ## - LOCAL HOLDINGS (RLIN)
-- 1
Holdings
Withdrawn status Lost status Source of classification or shelving scheme Not for loan Home library Current library Date acquired Total Checkouts Total Renewals Full call number Barcode Date last seen Date last checked out Price effective from Koha item type
    Library of Congress Classification   Kabarak, Main Campus Kabarak, Main Campus 17/12/2015 4 1 HG173 .F33 2012 c. 2 015177 23/07/2020 23/07/2020 17/12/2015 General Collection
    Library of Congress Classification   Kabarak, Main Campus Kabarak, Main Campus 17/12/2015     HG173 .F33 2012 c. 1 015180 17/12/2015   17/12/2015 General Collection
Designed with assistance from East African Informatics Ltd